| 000 | 01121nam a2200217 i 4500 | ||
|---|---|---|---|
| 001 | 25770 | ||
| 003 | ES-MaACL | ||
| 005 | 20250805063231.0 | ||
| 007 | t| | ||
| 008 | 030102s1847 fr ||||1| fre d | ||
| 100 | 0 |
_aAristóteles _922861 |
|
| 245 | 1 | 0 |
_aPsychologie d'Aristote _b: opuscules (Parva naturalia) / _ctraduits en français pour la première fois et accompagnés de notes perpétuelles par J. Barthélemy-Saint-Hilaire. |
| 260 |
_aParís : _bDumont, _c1847 ( _fChapelet) |
||
| 300 |
_aLXXXV, 444 p. ; _c23 cm. |
||
| 505 | 8 | _aContiene: De la sensation et des choses sensibles. - De la mémoire et de la réminiscence. - Du sommeil et de la veille. - Des rêves. - De la divination dans le sommeil. - Du principe général du mouvement dans les animaux. - De la longévité et de la brièveté de la vie. - De la jeunesse et de la vieillesse. - De la vie et de la mort. - De la respiration | |
| 650 | 4 |
_aPsicología- _vObras anteriores a 1800. _9147704 |
|
| 700 | 1 |
_aBarthelemy Saint-Hilaire, Jules. _926123 |
|
| 740 | 0 | _aParva naturalia. | |
| 852 |
_aES-MaACL _jF-7885 |
||
| 999 |
_c25770 _d25770 |
||